Making health care work for American families : designing a high performance health system : hearing before the Subcommittee on Health of the Committee on Energy and Commerce, House of Representatives, One Hundred Eleventh Congress, first session, March 10, 2009.

Bibliographic Details
Corporate Author: United States. Congress. House. Committee on Energy and Commerce. Subcommittee on Health
Format: Government Document eBook
Language:English
Published: Washington : U.S. G.P.O., 2012.
Subjects:
Online Access:https://purl.fdlp.gov/GPO/gpo20784

MARC

Tag First Indicator Second Indicator Subfields
LEADER 00000cam a2200000 a 4500
001 in00002752010
005 20211120164702.0
006 m d f
007 cr bn|||||||||
008 120327s2012 dcuab ob f000 0 eng c
035 |a (OCoLC)ocn781775173 
037 |a 552-070-44294-4  |b GPO  |f paper 
040 |a GPO  |c GPO  |d GPO  |d MvI  |d UtOrBLW 
042 |a pcc 
043 |a n-us--- 
049 |a WWW 
050 1 4 |a KF27  |b .E553 2012b 
074 |a 1019-C-01 (online) 
086 0 |a Y 4.C 73/8:111-11 
088 |a Serial no. 111-11 (United States. Congress. House. Committee on Energy and Commerce) 
110 1 |a United States.  |b Congress.  |b House.  |b Committee on Energy and Commerce.  |b Subcommittee on Health. 
245 1 0 |a Making health care work for American families :  |b designing a high performance health system : hearing before the Subcommittee on Health of the Committee on Energy and Commerce, House of Representatives, One Hundred Eleventh Congress, first session, March 10, 2009. 
264 1 |a Washington :  |b U.S. G.P.O.,  |c 2012. 
300 |a 1 online resource (vi, 190 pages) :  |b illustrations, maps. 
336 |a text  |b txt  |2 rdacontent 
337 |a computer  |b c  |2 rdamedia 
338 |a online resource  |b cr  |2 rdacarrier 
500 |a Title from title screen (viewed on Mar. 27, 2012). 
500 |a Paper version available for sale by the Supt. of Docs., U.S. G.P.O. 
504 |a Includes bibliographical references. 
500 |a "Serial number 111-11." 
500 |a Electronic resource. 
650 0 |a Health care reform  |z United States. 
650 0 |a Health planning  |z United States. 
650 0 |a Medical care  |z United States  |x Cost control. 
776 0 8 |i Print version:  |a United States. Congress. House. Committee on Energy and Commerce. Subcommittee on Health.  |t Making health care work for American families  |w (OCoLC)781786350 
776 0 8 |i Microfiche:  |a United States. Congress. House. Committee on Energy and Commerce. Subcommittee on Health.  |t Making health care work for American families  |w (OCoLC)798716333 
856 4 0 |u https://purl.fdlp.gov/GPO/gpo20784  |t 0 
999 |a MARS 
999 f f |s 3eb75986-112d-3bfd-bc76-45034ccc7986  |i 62b9c60c-26d8-39ef-b07c-303892e0c2b5  |t 0 
952 f f |a Texas A&M University  |b College Station  |c Electronic Resources  |d Available Online  |t 0  |e Y 4.C 73/8:111-11  |h Superintendent of Documents classification 
998 f f |a Y 4.C 73/8:111-11  |t 0  |l Available Online